000 00623nam a2200229Ia 4500
003 OSt
005 20221006164312.0
006 a|||||r|||| 00| 0
007 ta
008 221006b |||||||| |||| 00| 0 hin d
024 _a5,165
037 _cTextual
040 _aFML
_cFML
_bhin
041 _2hin
_ahin
082 _aP152:4R, 35K3
100 _aSabha S. I. H. P. Ed.
_9677095
245 0 _aHindi Telgu Kosh
260 _aChannai
_bDakshin Bharat Hindi Prachar Sabha India
_c1963
300 _a520
_ccm.
942 _hP152:4R, 35K3
_cTEXL
_2CC
999 _c1116793
_d1116793